Sikh Empire Quiz - Statistics

General Stats
  • This quiz has been taken 88 times
  • The average score is 9 of 12
Answer Stats
Hint Answer % Correct
Lahore
93%
From 1845 to 1849, the Sikh Empire would fight its two last wars against which European superpower? United Kingdom
91%
Which nation did the Sikhs battle throughout the Afghan-Sikh Wars? Durrani Empire
88%
What city's Golden Temple is considered to be the holiest site in Sikhism? Amritsar
84%
What is the name of the independent country proposed by modern Sikh separatists? Khalistan
81%
What Mughal emperor, an advocate for religious freedom, had donated land to the Sikhs? {Akbar} the Great
77%
In what country was separatist Hardeep Singh Nijjar assassinated, which led to an ongoing diplomatic stand-off between that country and India? Canada
75%
The empire's predecessor - the Sikh Confederacy - consisted of how many independent states? 12
74%
That country's emperor Shah Shujah gifted Maharaja Ranjit Singh what diamond in 1813? Koh-i-Noor
72%
In 1809, the Sikh Empire fought a war against which Himalayan kingdom? Nepal
52%
In 1839, the Sikh Empire gave refuge to what religious group, who were fleeing from persecution in Qajar Persia? Mashhadi Jews
49%
What major Pakistani cities served as the capitals of the Sikh Empire? Gujranwala
35%
No matching quizzes found
Score Distribution
Percent of People with Each Score
Percentile by Number Answered
Your Score History
You have not taken this quiz